[Event "Niederoesterreich Landesliga 1112"]
[Site "Austria"]
[Date "2012.03.11"]
[Round "9"]
[White "Wolfram, Bernd"]
[Black "Penz, Harald"]
[Result "1/2-1/2"]
[WhiteElo "2187"]
[BlackElo "2341"]
[PlyCount "38"]
[EventDate "2011.09.18"]
[EventType "team-tourn"]
[EventRounds "11"]
[EventCountry "AUT"]
[SourceTitle "EXT 2022"]
[Source "ChessBase"]
[SourceDate "2021.10.06"]
[SourceVersion "1"]
[SourceVersionDate "2021.10.06"]
[SourceQuality "1"]

1. c4 e6 2. g3 d5 3. Bg2 Nf6 4. Nf3 Be7 5. 0-0 0-0 6. b3 b6 7. Bb2 Bb7 8. d3 c5 9. Nbd2 Nc6 10. a3 Qc7 11. e4 dxe4 12. dxe4 Rfd8 13. Qe2 e5 14. Rad1 Nd7 15. Nb1 Nd4 16. Qe3 f6 17. Nc3 Nf8 18. Nd5 Qd6 19. Nh4 g6 1/2-1/2

[Event "AUT-chT 1112"]
[Site "Austria"]
[Date "2012.03.01"]
[Round "4.5"]
[White "Penz, Harald"]
[Black "Pisk, Petr"]
[Result "1/2-1/2"]
[WhiteElo "2349"]
[BlackElo "2385"]
[PlyCount "60"]
[EventDate "2012.01.20"]
[EventType "team-tourn"]
[EventRounds "11"]
[EventCountry "AUT"]
[SourceTitle "EXT 2013"]
[Source "ChessBase"]
[SourceDate "2012.11.22"]
[SourceVersion "1"]
[SourceVersionDate "2012.11.22"]
[SourceQuality "1"]
[WhiteTeam "Poechlarn"]
[BlackTeam "Zwettl"]
[WhiteTeamCountry "AUT"]
[BlackTeamCountry "AUT"]

1. e4 c5 2. c3 d5 3. exd5 Qxd5 4. d4 Nc6 5. Nf3 cxd4 6. cxd4 e5 7. Nc3 Bb4 8. Bd2 Bxc3 9. Bxc3 e4 10. Ne5 Nxe5 11. dxe5 Ne7 12. Be2 0-0 13. 0-0 Bf5 14. Qc1 Qe6 15. Rd1 Qg6 16. Qe3 h6 17. Bb4 Rfe8 18. Bb5 Nc6 19. Rd6 Re6 20. Bxc6 bxc6 21. Rc1 a5 22. Ba3 Qg5 23. Qxg5 hxg5 24. Rxe6 Bxe6 25. Rxc6 Bxa2 26. Kf1 Rb8 27. Ke2 Rb5 28. Rc5 Rxc5 29. Bxc5 Kh7 30. Ke3 Bb1 1/2-1/2

[Event "Niederoesterreich Landesliga 1112"]
[Site "Austria"]
[Date "2012.01.29"]
[Round "7"]
[White "Penz, Harald"]
[Black "Buchnicek, Petr"]
[Result "1/2-1/2"]
[WhiteElo "2341"]
[BlackElo "2294"]
[PlyCount "88"]
[EventDate "2011.09.18"]
[EventType "team-tourn"]
[EventRounds "11"]
[EventCountry "AUT"]
[SourceTitle "EXT 2022"]
[Source "ChessBase"]
[SourceDate "2021.10.06"]
[SourceVersion "1"]
[SourceVersionDate "2021.10.06"]
[SourceQuality "1"]

1. e4 c6 2. d4 d5 3. e5 Bf5 4. Nf3 e6 5. c4 Bb4+ 6. Nc3 Ne7 7. Qb3 Qb6 8. c5 Bxc3+ 9. bxc3 Qxb3 10. axb3 h6 11. Be3 0-0 12. Kd2 Nd7 13. Ne1 b6 14. cxb6 axb6 15. Rxa8 Rxa8 16. Nc2 f6 17. f4 Bxc2 18. Kxc2 Nf5 19. Bd2 Ra2+ 20. Kd3 c5 21. g4 Nh4 22. Be1 Nf3 23. Be2 Nxe1+ 24. Rxe1 g5 25. fxg5 hxg5 26. exf6 e5 27. Bf3 e4+ 28. Bxe4 dxe4+ 29. Rxe4 Rxh2 30. Re8+ Nf8 31. dxc5 bxc5 32. Re5 Kf7 33. Rxg5 Ne6 34. Rf5 Rh3+ 35. Kc2 Rg3 36. g5 Kg6 37. Re5 Kf7 38. Rd5 Rg2+ 39. Kb1 Rxg5 40. Rxg5 Nxg5 41. Kc2 Nf3 42. Kd3 Ne5+ 43. Ke4 Ke6 44. b4 cxb4 1/2-1/2

[Event "Niederoesterreich Landesliga 1112"]
[Site "Austria"]
[Date "2011.11.13"]
[Round "4"]
[White "Penz, Harald"]
[Black "Wadsack, Wolfgang"]
[Result "1/2-1/2"]
[WhiteElo "2341"]
[BlackElo "2144"]
[PlyCount "125"]
[EventDate "2011.09.18"]
[EventType "team-tourn"]
[EventRounds "11"]
[EventCountry "AUT"]
[SourceTitle "EXT 2022"]
[Source "ChessBase"]
[SourceDate "2021.10.06"]
[SourceVersion "1"]
[SourceVersionDate "2021.10.06"]
[SourceQuality "1"]

1. e4 d5 2. exd5 Nf6 3. d4 Nxd5 4. Nf3 Bg4 5. c4 Nb6 6. c5 N6d7 7. Be2 Nc6 8. Be3 e5 9. Nxe5 Bxe2 10. Qxe2 Ncxe5 11. dxe5 Bxc5 12. Bxc5 Nxc5 13. Qb5+ Nd7 14. 0-0 a6 15. Qxb7 0-0 16. Nc3 Nxe5 17. Rad1 Qb8 18. Qe4 Ng6 19. Rd2 Re8 20. Qa4 a5 21. Rfd1 Qb4 22. Qc2 Qg4 23. h3 Qg5 24. Rd5 Re5 25. Rxe5 Qxe5 26. Qe4 Qxe4 27. Nxe4 Ne5 28. f4 Nc4 29. b3 Nb6 30. Kf2 h6 31. Rc1 a4 32. Rxc7 axb3 33. axb3 Nd5 34. Rd7 Nxf4 35. Kf3 Ne6 36. Rd3 Rb8 37. g4 Rxb3 38. Rxb3 Nd4+ 39. Kf4 Nxb3 40. h4 Nd4 41. h5 Kf8 42. Ke5 Nb5 43. Ng3 Nc7 44. Nf5 Ne8 45. Ke4 Nf6+ 46. Kf4 Nd5+ 47. Ke5 Ne7 48. Nd6 Kg8 49. Ke4 Nc6 50. Kd5 Nd8 51. Nf5 Kf8 52. Kd6 Ne6 53. Ne3 Ng5 54. Ke5 Nf3+ 55. Kf4 Nd2 56. Nf5 Kg8 57. Nd6 Nb3 58. Ke5 Nc5 59. Nf5 Nb7 60. Ne7+ Kh7 61. Kf5 Nd6+ 62. Kf4 Nc4 63. Kf5 1/2-1/2

[Event "Niederoesterreich Landesliga 1112"]
[Site "Austria"]
[Date "2011.10.02"]
[Round "2"]
[White "Kleiser, Gregor"]
[Black "Penz, Harald"]
[Result "1/2-1/2"]
[WhiteElo "2241"]
[BlackElo "2341"]
[PlyCount "50"]
[EventDate "2011.09.18"]
[EventType "team-tourn"]
[EventRounds "11"]
[EventCountry "AUT"]
[SourceTitle "EXT 2022"]
[Source "ChessBase"]
[SourceDate "2021.10.06"]
[SourceVersion "1"]
[SourceVersionDate "2021.10.06"]
[SourceQuality "1"]

1. d4 Nf6 2. Nf3 d5 3. g3 e6 4. Bg2 Be7 5. 0-0 0-0 6. c4 c6 7. Qc2 Nbd7 8. Nbd2 b6 9. e4 dxe4 10. Nxe4 Bb7 11. Be3 Nxe4 12. Qxe4 Qc7 13. Qc2 Rad8 14. Rad1 Nf6 15. Ne5 c5 16. Bxb7 Qxb7 17. dxc5 Bxc5 18. Bxc5 bxc5 19. Rfe1 Qc7 20. f4 h6 21. Qg2 Rd6 22. Rxd6 Qxd6 23. Re2 Rd8 24. Nc6 Rd7 25. Ne5 Rd8 1/2-1/2